00413nam a2200181Ia 4500003000400000005001700004008004100021020001600062040000700078041000800085082001600093100002000109245003600129250000600165260003600171300001600207365000800223OSt20230330092152.0210423s2007 xx 000 0 und d a97888204679 cAL aeng a778.53 WHEP aWHEELER (Paul). aHigh definition cinematography. a2 aNew DelhibElsevier Indiac2007 axix,244bPB cINR